Faculty of Law Library — Cairo University

Official Online Catalog

Commentary on Egyptian criminal law and the related criminal law of Palestine, Cyprus, and Iraq / (Record no. 75617)

MARC details
000 -LEADER
fixed length control field 00995nam a2200301 4500
003 - CONTROL NUMBER IDENTIFIER
control field EG-GICUC
005 - DATE AND TIME OF LATEST TRANSACTION
control field 20260505103151.0
008 - FIXED-LENGTH DATA ELEMENTS--GENERAL INFORMATION
fixed length control field 260505t19241925en|||||fr|||| 00| 0 eng d
040 ## - CATALOGING SOURCE
Original cataloging agency EG-GiCUC
Language of cataloging eng
Transcribing agency EG-GiCUC
Modifying agency EG-GiCUC
Description conventions rda
043 ## - GEOGRAPHIC AREA CODE
Geographic area code f-ua---
082 04 - DEWEY DECIMAL CLASSIFICATION NUMBER
Edition number 21
Classification number 343.062
092 04 - LOCALLY ASSIGNED DEWEY CALL NUMBER (OCLC)
Edition number 21
099 ## - LOCAL FREE-TEXT CALL NUMBER (OCLC)
Classification number Law1 10 343.62
100 1# - MAIN ENTRY--PERSONAL NAME
Personal name Goadby, Frederic M.
Fuller form of name (Frederic Maurice)
245 00 - TITLE STATEMENT
Title Commentary on Egyptian criminal law and the related criminal law of Palestine, Cyprus, and Iraq /
Statement of responsibility, etc. Frederic M. Goadby.
264 ## - PRODUCTION, PUBLICATION, DISTRIBUTION, MANUFACTURE, AND COPYRIGHT NOTICE
Place of production, publication, distribution, manufacture Cairo,
Name of producer, publisher, distributor, manufacturer Government press,
Date of production, publication, distribution, manufacture, or copyright notice 1924-1925.
300 ## - PHYSICAL DESCRIPTION
Extent Part 1 1073Pages:
Dimensions 24 cm
336 ## - CONTENT TYPE
Source rda content
Content type term text
337 ## - MEDIA TYPE
Source rda media
Media type term Computer
338 ## - CARRIER TYPE
Source rda carrier
Carrier type term Online Resource
504 ## - BIBLIOGRAPHY, ETC. NOTE
Bibliography, etc. note Bibliography: pages 200-250.
650 14 - SUBJECT ADDED ENTRY--TOPICAL TERM
Source of heading or term qrmak
Topical term or geographic name entry element Criminal Science
650 14 - SUBJECT ADDED ENTRY--TOPICAL TERM
Source of heading or term Criminal Law - The general part
651 1# - SUBJECT ADDED ENTRY--GEOGRAPHIC NAME
Source of heading or term qrmak
856 40 - ELECTRONIC LOCATION AND ACCESS
Uniform Resource Identifier <a href="https://fll.law.cu.edu.eg/fulltext/bks/B10-09938.pdf">https://fll.law.cu.edu.eg/fulltext/bks/B10-09938.pdf</a>
905 ## - Cataloger and Reviser Names
Cataloger Name: Radwa
942 ## - ADDED ENTRY ELEMENTS (KOHA)
Source of classification or shelving scheme Dewey Decimal Classification
Suppress in OPAC No
Koha item type Books
Edition 21
Holdings
Withdrawn status Lost status Source of classification or shelving scheme Damaged status Not for loan Collection Home library Current library Date acquired Total checkouts Full call number Barcode Date last seen Price effective from Koha item type
    Dewey Decimal Classification   Not for loan القانون الجنائي جــــامعة القــاهرة مكتبة كلية الحقوق - المبنى الرئيسي 05.05.2026   Law1 10 343.62 Go.C 1925 1009938 C1 B10-09938 05.05.2026 05.05.2026 Books

© All rights reserved — Faculty of Law, Cairo University